00190nam a2200073Ia 4500008004100000082000800041100002000049245004700069240331s9999 xx 000 0 und d bNEW aMcHenry, R. ed  4aThe new encyclopaedia Britanicca :bVol. 8